[Event "AUS-ch U18 Girls"]
[Site "Adelaide"]
[Date "2009.01.12"]
[Round "8"]
[White "Anguswamy, Nivedita"]
[Black "Mayo, Elee"]
[Result "1-0"]
[WhiteElo "583"]
[BlackElo "992"]
[PlyCount "69"]
[EventDate "2009.01.02"]
[EventType "swiss"]
[EventRounds "11"]
[EventCountry "AUS"]
[SourceTitle "CBM 128 Extra"]
[Source "ChessBase"]
[SourceDate "2009.03.05"]
[SourceVersion "2"]
[SourceVersionDate "2009.03.25"]
[SourceQuality "1"]

1. c4 e5 2. Nc3 Nf6 3. Nf3 Nc6 4. a3 Bc5 5. g3 d6 6. Bg2 Bg4 7. 0-0 Qd7 8. b4 Bd4 9. Bb2 0-0 10. e3 Bxc3 11. Bxc3 Qf5 12. d4 e4 13. Nh4 Qh5 14. f3 exf3 15. Nxf3 Rfe8 16. d5 Ne5 17. Bxe5 Rxe5 18. Qd4 Re4 19. Qc3 Bh3 20. Bxh3 Qxh3 21. Ng5 Qh6 22. Nxe4 Nxe4 23. Qd3 Re8 24. Rf4 Ng5 25. Kh1 Nh3 26. Rff1 g6 27. Rae1 Re5 28. e4 Rh5 29. Re2 f6 30. Qf3 f5 31. g4 Ng5 32. Qf4 fxg4 33. Qxg4 Nf7 34. Qc8+ Kg7 35. Qe6 1-0